Les 20 plus grandes villes de la Loire-Atlantique sur une carte - Statistiques

Statistiques générales
  • Ce quiz a été pris 234 fois
  • Le résultat moyen est 14 sur 20
Réponses sur la Carte
Les réponses sont colorées sur une échelle allant du rouge au vert en fonction du pourcentage des utilisateurs qui les ont devinées à leur premier essai. Vous pouvez retrouver ces pourcentages ci-dessous.
 
Statistiques - réponses
Population Initiale Ville % Correct
325 070 N Nantes
100%
73 111 S Saint-Nazaire
98%
50 561 S Saint-Herblain
86%
18 382 P Pornic
85%
16 613 (La) B La Baule-Escoublac
83%
43 349 R Rezé
82%
20 535 C Carquefou
73%
28 373 SS Saint-Sébastien-sur-Loire
71%
28 341 O Orvault
69%
12 530 P Pornichet
67%
12 231 C Châteaubriant
65%
16 684 G Guérande
65%
11 346 A Ancenis-Saint-Géréon
62%
14 645 S Saint-Brevin-les-Pins
61%
26 048 V Vertou
61%
23 541 C Couëron
54%
20 483 (La) C La Chapelle-sur-Erdre
54%
20 590 B Bouguenais
53%
16 227 S Sainte-Luce-sur-Loire
50%
11 249 P Pontchâteau
35%
Aucun quiz correspondant
Distribution des résultats
% des personnes avec chaque résultat
Percentile par nombre de réponses
Votre historique - résultats
Vous n’avez pas pris ce quiz